000 00609nam a2200241Ia 4500
003 OSt
005 20220925212952.0
006 a|||||r|||| 00| 0
007 ta
008 220923b |||||||| |||| 00| 0 eng d
037 _cGeneral Book
040 _aRTL
_cRTL
_beng
041 _2eng
_aeng
082 _aR4, M8
100 _aHeller Agnes
_922150
245 0 _aGeneral ethics
260 _aLondon
_bBasil Blackwell
_c1988
300 _a202p
_ccm.
500 _aBibliography: P 195-98
650 _aEthics
942 _hR4, M8
_cGB
_2CC
999 _c561687
_d561687